000 00296nam a2200121Ia 4500
008 211105s9999 xx 000 0 und d
020 _aVYASA09500
100 _aAchar S.T.
245 0 _aPediatrics In Developing Tropical Countries
250 _a\N
260 _bOrient Longman
_c\N
300 _a687
999 _c10685
_d10685